The Bangladesh liberation movement : its international legal implications /
محفوظ في:
| المؤلف الرئيسي: | |
|---|---|
| التنسيق: | أطروحة كتاب |
| اللغة: | English |
| منشور في: |
1981.
|
| الموضوعات: | |
| الوسوم: |
إضافة وسم
لا توجد وسوم, كن أول من يضع وسما على هذه التسجيلة!
|
| LEADER | 00918cam a2200289 a 4500 | ||
|---|---|---|---|
| 001 | u32105 | ||
| 003 | SIRSI | ||
| 008 | 840105s1981 at v 00 1 eng | ||
| 035 | |a AAD-4614 | ||
| 040 | |a UMU | ||
| 043 | |a a-bg--- | ||
| 092 | |a K668 |b Isl |d CS | ||
| 100 | 1 | 0 | |a Islam, Md. Rafiqul. |
| 245 | 1 | 4 | |a The Bangladesh liberation movement : |b its international legal implications / |c Md. Rafiqul Islam |
| 260 | |c 1981. | ||
| 300 | |a xvii, 410 leaves ; |c 28 cm. | ||
| 500 | |a Photocopy. | ||
| 500 | |a PUUR. | ||
| 502 | |a Thesis (Ph.D) -- Monash University, 1981 | ||
| 504 | |a Bibliography: leaves 396-410. | ||
| 650 | 0 | |a Constitutional history |z Bangladesh. | |
| 651 | 0 | |a Bangladesh |x Politics and government. | |
| 610 | 2 | 0 | |a Bangladesh Liberation Movement. |
| 710 | 2 | 0 | |a Monash University. |
| 948 | |a 16/03/1991 |b 06/08/2004 | ||
| 596 | |a 4 | ||
| 999 | |a K668 ISL |w LACLL |c 1 |i A503471998 |l RESTRICTED |m P04UNDANG |r N |s Y |t TESIS |u 4/7/1994 | ||
